Statystyki dla Kwiaty na obrazkach

Kliknij tutaj aby rozwiązać quiz!

Ogólne statystyki

  • Ten quiz został rozwiązany 109 razy
  • Średni wynik to 11 z 16

Statystyki odpowiedzi

Odpowiedź% Poprawnych
Róża
100%
Tulipan
100%
Słonecznik
99%
Stokrotka
99%
Mniszek
96%
Mak
93%
Bratek
92%
Orchidea
83%
Kwitnąca {wiśnia}
80%
Żonkil
77%
Lawenda
59%
Hortensja
48%
Dalia
42%
Nagietek
23%
Lotos
21%
Hibiskus
20%

Rozkład punktacji

Percentyl według liczby udzielonych odpowiedzi

Procent ludzi z każdym wynikiem

Twoja historia wyników

Nie rozwiązałeś tego quizu